000 00220 a2200109 4500
001 194009
040 _cMagnum
240 1 0 _aEducacao e sociedade
_lpor
245 1 0 _aEducacao e sociedade
697 _aENSINO
942 _cBK
999 _c194009
_d194009